LEADER 01093nam1 2200361 450 001 990000505450203316 035 $a0050545 035 $aUSA010050545 035 $a(ALEPH)000050545USA01 035 $a0050545 100 $a20010613d--------km-y0itay0103----ba 101 $aita 102 $aIT 105 $a||||||||001yy 200 1 $a18. Congresso internazionale del notariato latino$eDelegazione italiana 210 $a[Roma]$cConsiglio nazionale del notariato 215 $av.$d24 cm 410 $12001 461 1$1001-------$12001 606 0 $aNotariato$xCongressi$z1986 606 0 $aCongressi$yMontreal$z1986 676 $a347.45016 710 12$aCongresso internazionale del notariato <18. ; 1986 ; Montreal>$0545846 801 0$aIT$bsalbc$gISBD 912 $a990000505450203316 951 $aIG IX 311$bEC$cIG IX 959 $aBK 969 $aECO 979 $aPATTY$b90$c20010613$lUSA01$h0935 979 $c20020403$lUSA01$h1659 979 $aPATRY$b90$c20040406$lUSA01$h1635 996 $a18. Congresso internazionale del notariato latino$9887242 997 $aUNISA LEADER 00784nam0 2200277 450 001 000033837 005 20211021131032.0 100 $a20211006d--------km-y0itay50------ba 101 0 $aita 102 $aIT 105 $ay-------001yy 200 1 $aStrategia e valore dell'impresa$fEugenio D'Amico 210 $aNapoli$cClaudio Grenzi Editore$ds.d. 215 $aiv, 539 p.$d29 cm 410 0$12001 451 0$1001000027922 500 10$aStrategia e valore dell'impresa$941590 610 1 $aImpresa$aGestione 610 1 $aValore 676 $a658$v20 700 1$aD'Amico,$bEugenio$0116294 801 0$aIT$bUNIPARTHENOPE$gRICA$2UNIMARC 912 $a000033837 951 $a658-S/98$b48335$cNAVA1$d2011 996 $aStrategia e valore dell'impresa$941590 997 $aUNIPARTHENOPE